000 00461nam a2200181Ia 4500
001 14286
005 20260306164903.0
008 260306t2015||||xx |||||||||||||| ||spa||
041 _aESP
082 _a511.3
_bC25
100 _aCantú Treviño, Thelma Guadalupe
_eAUT
245 0 _aTeoría de autómatas:
_bun enfoque práctico
260 _c2015
300 _axiii, 153 páginas :
_c25 cm.
650 _aGEN
654 _aCMA
942 _cLIB
_dJUS
_fJUS
_2ddc
_n
999 _c14286
_d14286